[Dictamen sobre Resguardos de Subasta]. (Record no. 183775)

MARC details
000 -LEADER
campo de control de longitud fija 00395nam a2200133 i 4500
001 - NÚMERO DE CONTROL
campo de control 183775
003 - IDENTIFICADOR DE NÚMERO DE CONTROL
campo de control ES-MaACL
005 - FECHA Y HORA DE LA ÚLTIMA TRANSACCIÓN
campo de control 20230906221951.0
008 - DATOS DE LONGITUD FIJA--INFORMACIÓN GENERAL
campo de control de longitud fija 141014s1880 sp |||| | spa d
245 01 - MENCIÓN DEL TÍTULO
Título [Dictamen sobre Resguardos de Subasta].
260 ## - PUBLICACIÓN, DISTRIBUCIÓN, ETC.
Lugar de publicación, distribución, etc. [Madrid :
Nombre del editor, distribuidor, etc. s.n.,
Fecha de publicación, distribución, etc. 1880 (
Fabricante Imp. Moya y Plaza])
300 ## - DESCRIPCIÓN FÍSICA
Extensión 11 p. ;
Dimensiones 25 cm.
852 ## - LOCALIZACIÓN
Ubicación ES-MaACL
Número de control de estantería T-386-F-1
condición física .- Ejemplar sin portada
Holdings
Estatus retirado Estado de pérdida Estado de daño No para préstamo Colección Biblioteca de origen Biblioteca actual Ubicación en estantería Fecha de adquisición Fuente de adquisición Total de préstamos Signatura topográfica completa Código de barras Visto por última vez Precio de reemplazo Tipo de ítem Koha
        Colección de folletos Biblioteca del Ateneo de Madrid Biblioteca del Ateneo de Madrid Depósito folletos 14/10/2014     T-386-F-1 1193219 23/02/2023 23/02/2023 Folleto